| 000 | 00829nam a2200217 4500 | ||
|---|---|---|---|
| 001 | 76319 | ||
| 003 | BD-RjUL | ||
| 005 | 20211209082827.0 | ||
| 008 | 191124s2016 bg ||||| |||| 00| 0 ben d | ||
| 035 | _a(BD-RjUL)76540 | ||
| 040 |
_aBD-RjUL _bben _cBD-RjUL |
||
| 041 | _aben | ||
| 082 |
_223 _a954.9205092 _bSMR 2016 |
||
| 245 | 0 | 0 |
_aস্মৃতিতে আগস্ট / _cসম্পাদনা সোহরাব হাসান |
| 260 |
_aঢাকা : _bমাওলা ব্রাদার্স, _c২০১৬ |
||
| 300 |
_a১৪২ পৃ.; _c২৩ সেমি. |
||
| 600 |
_aমুজিবুর রহমান, _cশেখ, _d১৯২০-১৯৭৫ _9235393 |
||
| 600 |
_aMujibur Rahman, -- Sheikh, -- 1920-1975 _9235394 |
||
| 700 |
_aহাসান, সোহরাব _9235395 |
||
| 942 |
_2ddc _cBK |
||
| 999 |
_c76319 _d76319 |
||